<?xml version="1.0" encoding="UTF-8"?>
<record
    xmlns:xsi="http://www.w3.org/2001/XMLSchema-instance"
    xsi:schemaLocation="http://www.loc.gov/MARC21/slim http://www.loc.gov/standards/marcxml/schema/MARC21slim.xsd"
    xmlns="http://www.loc.gov/MARC21/slim">

  <leader>02409    a2200229   4500</leader>
  <controlfield tag="001">21659</controlfield>
  <controlfield tag="005">20260407155507.0</controlfield>
  <controlfield tag="008">260407a1991    arg                 spa d</controlfield>
  <controlfield tag="003">AR-UNSa-BCEJYS</controlfield>
  <datafield tag="040" ind1=" " ind2=" ">
    <subfield code="a">AR-UNSa-BCEJYS</subfield>
    <subfield code="b">spa</subfield>
    <subfield code="c">AR-UNSa-BCEJYS</subfield>
  </datafield>
  <datafield tag="080" ind1=" " ind2=" ">
    <subfield code="a">657.47</subfield>
    <subfield code="x">Contabilidad de Costos</subfield>
  </datafield>
  <datafield tag="245" ind1="1" ind2="0">
    <subfield code="a">Contabilidad anal&#xED;tica</subfield>
    <subfield code="p">costes,rendimientos,precios y resultados</subfield>
  </datafield>
  <datafield tag="020" ind1=" " ind2=" ">
    <subfield code="a">84-7196-960-2</subfield>
  </datafield>
  <datafield tag="250" ind1=" " ind2=" ">
    <subfield code="a">4a. ed</subfield>
  </datafield>
  <datafield tag="264" ind1=" " ind2="1">
    <subfield code="a">Madrid :</subfield>
    <subfield code="b">Ministerio de Econom&#xED;a y Hacienda</subfield>
    <subfield code="c">1991</subfield>
  </datafield>
  <datafield tag="300" ind1=" " ind2=" ">
    <subfield code="a">1159 p.</subfield>
    <subfield code="c">24 cm.</subfield>
  </datafield>
  <datafield tag="505" ind1=" " ind2=" ">
    <subfield code="a">1&#xBA; Parte: La contabilidad como ciencia : 1. Concepto de ciencia de la contabilidad - 2. Evoluci&#xF3;n hist&#xF3;rica y planeamientos actuales - 3. El m&#xE9;todo en contabilidad - 4. Medici&#xF3;n, valoraci&#xF3;n y agregaci&#xF3;n contables - 2&#xBA;Parte: La conducta dela empresa y sus modelos : 5. Contabilidad presupuestaria y planeaci&#xF3;n empresarial - 6. Desarrollo presupuestario - 7. Los presupuestos financieros - 8. Contabilidad financiera - 3&#xBA;Parte: Contabilidad de costos y rendimientos : 9. Contabilidad de costos - 10. los costos.conceptos y clases - 11. M&#xE9;todo de calculo - 12. M&#xE9;todos de calculo de la producci&#xF3;n conjunta - 13. Medida de la producci&#xF3;n y el rendimiento - 14. Costos de los materiales - 15. Coste dela mano de obra - 16. Coste de amortizaci&#xF3;n y generales de fabricaci&#xF3;n - 17. Coste de financiaci&#xF3;n - 18. Estad&#xED;stica de costes, producci&#xF3;n, ventas y resultados - 4&#xBA; Parte: Modelos de costes :19. Modelos de costs completo - 20.  Modelos de costes comerciales - 21. Modelo de contabilidad de costes por secciones - 22. Modelo franc&#xE9;s de contabilidad anal&#xED;tica - 23. Modelo espa&#xF1;ol de contabilidad anal&#xED;tica - 24. Modelo de -direct, costing - 5&#xBA; Parte: Contabilidad de gesti&#xF3;n: control y decisi&#xF3;n: 25. Calculo del resultado interno - 26. Calculo de las desviaciones de costes  - 27. Calculo de costes y pol&#xED;tica de precios - 28. Descentralizaci&#xF3;n y precios de transferencia - 29.An&#xE1;lisis estad&#xED;stico de los costes - 30. An&#xE1;lisis lineal de la producci&#xF3;n y costes - 31. El c&#xE1;lculo matricial e la contabilidad  de costes - 32. Un modelo integral de gesti&#xF3;n: El cuadro de flujos financieros y tratamiento de la inflaci&#xF3;n.       </subfield>
  </datafield>
  <datafield tag="942" ind1=" " ind2=" ">
    <subfield code="c">BK</subfield>
  </datafield>
  <datafield tag="590" ind1=" " ind2=" ">
    <subfield code="a">niveau_biblio:m niveau_hierar:0</subfield>
  </datafield>
  <datafield tag="100" ind1="1" ind2=" ">
    <subfield code="a">Mallo Rodriguez, Carlos</subfield>
  </datafield>
  <datafield tag="856" ind1="4" ind2="1">
    <subfield code="u">https://biblioeco.unsa.edu.ar/pmb/images/libros/Contabilidad Analitica.jpg</subfield>
    <subfield code="y">Imagen de portada</subfield>
    <subfield code="q">image/jpeg</subfield>
  </datafield>
  <datafield tag="999" ind1=" " ind2=" ">
    <subfield code="c">834</subfield>
    <subfield code="d">834</subfield>
  </datafield>
  <datafield tag="952" ind1=" " ind2=" ">
    <subfield code="0">0</subfield>
    <subfield code="1">0</subfield>
    <subfield code="4">0</subfield>
    <subfield code="7">0</subfield>
    <subfield code="a">BCEJYS</subfield>
    <subfield code="b">BCEJYS</subfield>
    <subfield code="c">16</subfield>
    <subfield code="d">2026-04-07</subfield>
    <subfield code="l">0</subfield>
    <subfield code="o">P657.47 M255</subfield>
    <subfield code="p">L119489</subfield>
    <subfield code="r">2026-04-07 15:55:07</subfield>
    <subfield code="w">2026-04-07</subfield>
    <subfield code="y">L</subfield>
  </datafield>
  <datafield tag="952" ind1=" " ind2=" ">
    <subfield code="0">0</subfield>
    <subfield code="1">0</subfield>
    <subfield code="4">0</subfield>
    <subfield code="7">0</subfield>
    <subfield code="a">BCEJYS</subfield>
    <subfield code="b">BCEJYS</subfield>
    <subfield code="c">16</subfield>
    <subfield code="d">2026-04-07</subfield>
    <subfield code="l">0</subfield>
    <subfield code="o">P657.47 M255</subfield>
    <subfield code="p">L119490</subfield>
    <subfield code="r">2026-04-07 15:55:07</subfield>
    <subfield code="w">2026-04-07</subfield>
    <subfield code="y">L</subfield>
  </datafield>
</record>
